00658ngm a22002177a 450000500170000000800410001704100080005808200120006611000100007824500220008826000150011026000100012526000090013530000140014450002020015865000150036065000160037565000100039165000200040165000190042120170224103234.0150507b xxu||||| |||| 00| 0 spa d aspa a350 DVD aEUNED aAtrapando la vida aCosta Rica bEUNED c2007 a9 minutos aDocumental del entorno de los seres vivos y la modificación del medio ambiente y un estilo de vida saludable en el entorno natural del ser humano. Se presenta un estilo de vida urbano y uno rural aCOSTA RICA aSERES VIVOS aSALUD aESTILOS DE VIDA aVIDA SALUDABLE